Constructing authorities (Record no. 935416)

MARC details
000 -LEADER
fixed length control field 00889nam a2200265Ia 4500
003 - CONTROL NUMBER IDENTIFIER
control field OSt
005 - DATE AND TIME OF LATEST TRANSACTION
control field 20221005025914.0
008 - FIXED-LENGTH DATA ELEMENTS--GENERAL INFORMATION
fixed length control field 221004b |||||||| |||| 00| 0 eng d
020 ## - INTERNATIONAL STANDARD BOOK NUMBER
International Standard Book Number 9781107538252 (pbk)
037 ## - SOURCE OF ACQUISITION
Terms of availability Textual
040 ## - CATALOGING SOURCE
Original cataloging agency CRL
Transcribing agency CRL
Language of cataloging eng
041 ## - LANGUAGE CODE
Source of code eng
Language code of text/sound track or separate title eng
100 ## - MAIN ENTRY--PERSONAL NAME
Personal name O'Neill Onora Au.
9 (RLIN) 32776
245 #0 - TITLE STATEMENT
Title Constructing authorities
Remainder of title reason, politics and interpretation in Kant's philosophy
260 ## - PUBLICATION, DISTRIBUTION, ETC.
Place of publication, distribution, etc. Cambridge
Name of publisher, distributor, etc. Cambrdige University Press UK
Date of publication, distribution, etc. 2015
300 ## - PHYSICAL DESCRIPTION
Extent vi,253p.
Dimensions cm.
650 ## - SUBJECT ADDED ENTRY--TOPICAL TERM
Topical term or geographic name entry element KANT, IMMANUEL
650 ## - SUBJECT ADDED ENTRY--TOPICAL TERM
Topical term or geographic name entry element PHILOSOPHERS
942 ## - ADDED ENTRY ELEMENTS (KOHA)
Classification part R3xL24:g, Q5
Koha item type Textual
Source of classification or shelving scheme
Holdings
Withdrawn status Lost status Damaged status Not for loan Home library Current library Date acquired Source of acquisition Total Checkouts Full call number Barcode Date last seen Price effective from Koha item type
        Central Library Central Library 2022-10-05 109926, 06/03/2017, International Book Distributors   R3xL24:g Q5 CL1640098 2022-10-05 2022-10-05 Textual
Copyright @ Delhi University Library System